书目信息 |
| 题名: |
琵琶音阶琶音练习曲
|
|
| 作者: | 陈济略 著 | |
| 分册: | ||
| 出版信息: | 上海 上海音乐学院出版社 2014 |
|
| 页数: | 81页 | |
| 开本: | 28cm | |
| 丛书名: | ||
| 单 册: | ||
| 中图分类: | J648.331 | |
| 科图分类: | ||
| 主题词: | 琵琶--练习曲--作品集--中国--现代 , 琵琶 , 练习曲 | |
| 电子资源: | ||
| ISBN: | 978-7-80692-965-0 | |
| 000 | 00686nam0 2200241 450 | |
| 001 | 340444 | |
| 005 | 20150625155945.87 | |
| 010 | @a978-7-80692-965-0@dCNY25.00 | |
| 100 | @a20141213d2014 em y0chiy50 ea | |
| 101 | 0 | @achi |
| 102 | @aCN@b310000 | |
| 105 | @ag z 000yy | |
| 106 | @ar | |
| 200 | 1 | @a琵琶音阶琶音练习曲@Api pa yin jie pa yin lian xi qu@e简谱、五线谱双版本@f陈济略著 |
| 210 | @a上海@c上海音乐学院出版社@d2014 | |
| 215 | @a81页@d28cm | |
| 606 | 0 | @a琵琶@x练习曲@x作品集@y中国@z现代 |
| 606 | 0 | @a琵琶 |
| 606 | 0 | @a练习曲 |
| 690 | @aJ648.331@v5 | |
| 701 | 0 | @a陈济略@Achen ji lüe@f(1905-1990)@4著 |
| 801 | 0 | @aCN@b卓展宏图@c20150525 |
| 905 | @dJ648.331@e188@f4 | |
| 琵琶音阶琶音练习曲:简谱、五线谱双版本/陈济略著.-上海:上海音乐学院出版社,2014 |
| 81页;28cm |
| ISBN 978-7-80692-965-0:CNY25.00 |
| ● |
| 相关链接 |
|
|
|
|
正题名:琵琶音阶琶音练习曲
索取号:J648.331/188
 
预约/预借
| 序号 | 登录号 | 条形码 | 馆藏地/架位号 | 状态 | 备注 |
| 1 | 865697 | 208656970 | 第一样本阅览室/ [索取号:J648.331/188] | 在馆 | |
| 2 | 865698 | 208656989 | 第一借阅区/ [索取号:J648.331/188] | 在馆 | |
| 3 | 865699 | 208656998 | 第一借阅区/ [索取号:J648.331/188] | 在馆 | |
| 4 | 865700 | 208657005 | 密集书库-音乐系/ [索取号:J648.331/188] | 在馆 |